How: por qué COMO hacemos las cosas significa tanto

Uloženo v:
Podrobná bibliografie
Hlavní autor: Seidman, Dov (Autor)
Médium: Kniha
Jazyk:španělština
Vydáno: Cuernavaca Santillana Ediciones Generales 2013
Vydání:1a. ed
Témata:
Tagy: Přidat tag
Žádné tagy, Buďte první, kdo vytvoří štítek k tomuto záznamu!

MARC

LEADER 00000cam a2200000 a 4500
001 UCC4708
003 CL-VaPUC
008 180824e20130000mx |||||||||||||||||spa|d
020 |a 9786071127815 
082 0 4 |a 650.1  |b SEI  |2 21 
100 0 |a Seidman, Dov  |e author  |9 598896 
245 1 0 |a How: por qué COMO hacemos las cosas significa tanto 
250 |a 1a. ed 
300 |a 409 p 
942 |c BK 
945 |d 20180824 13:39:00  |a dcastane 
260 |a Cuernavaca  |b Santillana Ediciones Generales  |c 2013 
650 0 |a Negocios  |9 262468 
650 0 |a Organización  |9 256369 
650 7 |a INNOVACIONES TECNOLOGICAS  |2 CL-VaPUC  |9 598897 
583 |a last modification  |c 20181207 01:03:32  |k Rodrigo Vera 
999 |c 372126  |d 372124 
952 |0 0  |1 0  |3 erb  |4 0  |6 650_100000000000000_SEI_2013  |7 0  |8 A  |9 489393  |a BIBDER  |b BIBDER  |i 5492319  |o 650.1 SEI 2013  |p 5492319  |r 2023-01-25  |w 2019-11-24  |y BK  |z Catalogado en:20180824  |k DER 
952 |0 0  |1 0  |3 erb  |4 0  |6 650_100000000000000_SEI_2013  |7 0  |8 A  |9 489395  |a BIBDER  |b BIBDER  |i 5521734  |l 3  |o 650.1 SEI 2013  |p 5521734  |r 2023-05-15  |s 2023-04-24  |w 2019-11-24  |y BK  |z Catalogado en:20181207  |k DER 
952 |0 0  |1 0  |3 erb  |4 0  |6 650_100000000000000_SEI_2013  |7 0  |8 A  |9 489396  |a BIBDER  |b BIBDER  |i 5521726  |o 650.1 SEI 2013  |p 5521726  |r 2023-01-25  |w 2019-11-24  |y BK  |z Catalogado en:20181207  |k DER